000 00999nam0a2200265 4500
001 RU\NLR\ONL1\8465
005 20250613115920.0
035 _a(NLR Aleph) 009637215
090 _a9530605
_c9530605
100 _a20060504d1935 |||y0rusy50 ca
101 0 _audm
102 _aRU
105 _ay |||||||||
200 1 _a2-ти| пятилеткалэн заемез 3-ти арезлэн выпускез
_eЗаёмлен выпускезлэн но размещенилэн условиосыз
210 _aИжевск
_cУдгиз
_d1935
215 _a16 с.
_d18
541 1 _a[Заем 2-й пятилетки (Выпуск 3-го года)
_eУсловия выпуска и размещения займа]
_zrus
606 0 _aГосударственные займы
_91475953
_3RU\NLR\auth\66318565
686 1 _aУ9(2)261.63
801 0 _aRU
_bNLR
_c20060504
_gPSBO
852 _aNLR
_bОНЛ
_jУдмур./2-131
942 _cBOOK
980 _aNB